000 01197cam a2200373 a 4500
001 13815174
003 SISC
005 20160406092655.0
008 041214s1980 akub 000 0 eng d
010 _a 2004275962
020 _a0890510687 (pbk.)
035 _a(OCoLC)ocm11003076
040 _aGZR
_cTGS
_dOCL
_dGZR
_dOCL
_dORX
_dOCLCQ
_dDLC
042 _alccopycat
043 _an-us---
_an-us-ak
050 0 0 _aHD 9567.A4
_b.W55 1982
082 0 0 _aHS 338.2
_bW67 1980
100 1 _aWilliams, Lindsey
_911935
245 1 4 _aThe energy non crisis /
_cLindsey Williams.
246 1 8 _aEnergy non-crisis
250 _a2nd ed., updated & enl.
260 _aColorado :
_bEnergy,
_cc1980.
300 _a240 p. :
_c18 cm.
650 0 _aPetroleum industry and trade
_zAlaska.
_911936
650 0 _aEnergy policy
_zUnited States.
_911937
650 0 _aPetroleum
_zAlaska.
_911938
651 0 _aTrans-Alaska Pipeline (Alaska)
_911939
700 1 _aWilson, Clifford A.
_911940
906 _a7
_bcbc
_ccopycat
_d2
_encip
_f20
_gy-gencatlg
942 _2lcc
_cBK
999 _c8952
_d8952